LEADER 00735cam0 2200241 450 001 E600200062943 005 20200511085205.0 100 $a20100414d1987 |||||ita|0103 ba 101 $aeng 102 $aGB 200 1 $aBerkeley$ean introduction$fJonathan Dancy 210 $aOxford$cBlackwell$d1987 215 $a166 p.$d23 cm 700 1$aDancy$b, Jonathan$3A600200060880$4070$0478424 801 0$aIT$bUNISOB$c20200511$gRICA 850 $aUNISOB 852 $aUNISOB$j100$m67874 912 $aE600200062943 940 $aM 102 Monografia moderna SBN 941 $aM 957 $a100$b006860$gSi$d67874$rAcquisto$1vittorini$2UNISOB$3UNISOB$420100414121427.0$520200511085147.0$6Spinosa 996 $aBerkeley$91083772 997 $aUNISOB